| 000 -ლიდერი |
| ფიქსირებული სიგრძის საკონტროლო ველი |
01204nam a2200217Ia 4500 |
| 001 - საკონტროლო ნომერი |
| საკონტროლო ველი |
1248 |
| 003 - საკონტროლო ნომრის იდენტიფიკატორი |
| საკონტროლო ველი |
GE_BSU |
| 005 - ბოლო ოპერაციის თარიღი და დრო |
| საკონტროლო ველი |
20250325111430.0 |
| 008 - ფიქსირებული სიგრძის მონაცემთა ელემენტები - ზოგადი ინფორმაცია |
| ფიქსირებული სიგრძის საკონტროლო ველი |
181216s1986||||ge |||||||||||||| ||geo|| |
| 040 ## - კატალოგიზაციის წყარო |
| Transcribing agency |
GE_BSU |
| 041 ## - ენის კოდი |
| Language code of text/sound track or separate title |
geo |
| 080 ## - უნივერსალური ათობითი კლასიფიკაციის ინდექსი |
| Universal Decimal Classification number |
631.8 ა-25 |
| 245 ## - ცნობა სათაურის შესახებ |
| Title |
აგროქიმია.მცენარის ანალიზი. |
| Remainder of title |
მეთოდური მითითება ლაბორატორიული სამუშაოების შესასრულებლად სტუდენტებისათვის / |
| Statement of responsibility, etc |
შემდგ. ო. ზარდალიშვილი და სხვ. რედ. ი. ნა |
| 245 ## - ცნობა სათაურის შესახებ |
| Statement of responsibility, etc |
შემდგ. ო. ზარდალიშვილი და სხვ. რედ. ი. ნაკაიძე |
| 264 ## - წარმოების, გამოცემის, დისტრიბუციის და სხვა ცნობები |
| გამოცემის, წარმოების, დისტრიბუციის... ადგილი |
თბილისი : |
| გამოცემის, წარმოების, დისტრიბუციის... სახელწოდება |
სასაფლო სამეურნეო ინსტიტუტი, |
| გამოცემის, წარმოების, დისტრიბუციის... თარიღი |
1986. |
| 300 ## - ფიზიკური აღწერა |
| Extent |
61 გვ. |
| Other physical details |
19 სმ. |
| 653 ## - INDEX TERM--UNCONTROLLED |
| Uncontrolled term |
აგროქიმია. |
| 653 ## - INDEX TERM--UNCONTROLLED |
| Uncontrolled term |
სოფლის მეურნეობა |
| 700 ## - ADDED ENTRY--PERSONAL NAME |
| Personal name |
ზარდალიშვილი,ო |
| Relator term |
შემდგენელი და სხვ. |
| 9 (RLIN) |
24672 |
| 942 ## - ADDED ENTRY ELEMENTS (KOHA) |
| Koha item type |
წიგნი |
| Source of classification or shelving scheme |
|